| 000 | 01651nam0a2200385 4500 | ||
|---|---|---|---|
| 001 | RU\NLR\bibl\928889 | ||
| 005 | 20260405065640.0 | ||
| 010 |
_a5-88721-293-4 _91000 |
||
| 021 |
_aRU _b2006-9573 _9464 |
||
| 035 | _a(NLR Aleph) 000917128 | ||
| 090 |
_a76431 _c76431 |
||
| 100 | _a20060410d2005 u y0rusy50 ca | ||
| 101 | 0 |
_arus _ager |
|
| 102 | _aRU | ||
| 105 | _ay ||||||||| | ||
| 200 | 1 |
_aНемецко-русский словарь по пиву _dDeutsch-russisches Fachwörterbuch für Bier _eсвыше 15000 терминов _fЕ.С. Анюшкин _zger |
|
| 210 |
_aМосква _cРУССО _d2005 |
||
| 215 |
_a304, [1] c. _d21 |
||
| 300 | _aАвт. также на нем. яз.: E.S. Anjuschkin | ||
| 300 | _aНа обл. авт. не указан | ||
| 320 | _aБиблиогр. в подстроч. примеч. | ||
| 510 | 1 |
_6z55790 _aDeutsch-russisches Fachwörterbuch für Bier _zger |
|
| 606 | 1 |
_aПивоваренное производство _jСловари _92336824 _3RU\NLR\auth\661397058 |
|
| 606 | 1 |
_aНемецкий язык _xТерминология пищевой промышленности _xСловари _xРусский язык _91746959 _3RU\NLR\auth\66782207 |
|
| 686 | _aЛ876я21 | ||
| 686 | _aШ143.24-434.1 | ||
| 686 | _aШ141.12-434.2 | ||
| 700 | 1 |
_4070 _8rus _7ca _aАнюшкин _bЕ. С. _gЕвгений Степанович _3RU\NLR\auth\7723384 _96437 |
|
| 790 | 1 |
_4070 _8rus _7ba _aAnjuškin _bE. S. _gEvgenij Stepanovič _3RU\NLR\auth\7723385 _96438 |
|
| 801 | 0 |
_aRU _bNLR _c20060410 _grcr |
|
| 801 | 1 |
_aRU _bNLR _c20060410 |
|
| 942 | _cBOOK | ||
| 980 | _aNB | ||